| 000 | 00817cam a2200265 a 4500 | ||
|---|---|---|---|
| 999 |
_c9580 _d9580 |
||
| 001 | 9580 | ||
| 003 | BD-JhCC | ||
| 005 | 20180322162347.0 | ||
| 008 | 180319s2001 ii d 000 0 eng | ||
| 020 | _a1888777532 | ||
| 035 | _a(BD-JhCC)9580 | ||
| 040 |
_aDLC _cDLC _dDLC _dBD-JhCC |
||
| 041 | _aeng | ||
| 050 | 0 | 0 |
_aHF1001 _b.N49 2001 |
| 082 | 0 | 0 |
_a650/.03 _221 _bTHE 2001 |
| 245 | 0 | 4 | _aThe new international Webster's pocket business dictionary of the English language / |
| 246 | 3 | 0 | _aWebster's pocket business dictionary |
| 250 | _a2000 ed, new rev. ed. | ||
| 260 |
_a[Naples, Fla.] : _bTrident Press International, _c2001 printing. |
||
| 300 |
_a318 p. ; _c18 cm. |
||
| 650 | 0 |
_aBusiness _vDictionaries. |
|
| 650 | 0 |
_aEnglish language _xBusiness English _vDictionaries. |
|
| 942 |
_2ddc _cREF |
||